000
00216 a2200097 4500
001
11385
100
_a
Sampaon,a.
245
_a
Common Sense About Africa
260
_a
_b
Victor Gollanez Ltd
_c
090
_c
8932
_d
8932
942
_a
NUST-CAE
_c
M
_c
35747
999
_c
246458
_d
246458